| 000 | 00867nac a22002531u 4500 | ||
|---|---|---|---|
| 010 | _a 2001059136 | ||
| 020 | _a013093819X | ||
| 082 | 0 | 0 |
_a384.53 _bVOS |
| 090 |
_c5547 _d5547 |
||
| 100 | _aVos, Ingrid. | ||
| 245 | 1 | 4 |
_aThe essential guide to mobile business / _cIngrid Vos, Pieter de Klein. |
| 260 |
_aUpper Saddle River, NJ : _bPrentice Hall,c2002. _cc2002. |
||
| 300 |
_axvii, 279 p. : _bill. ; _c24 cm. |
||
| 490 | 1 | _aEssential guide series | |
| 500 | _aIncludes index. | ||
| 500 | _aDistributer : Al-Ahram. | ||
| 511 | _aCatalogued By : Mahitab. | ||
| 650 | 0 | _aMobile communication systems. | |
| 650 | 0 | _aWireless communication systems. | |
| 650 | 0 |
_aBusiness _xCommunication systems. |
|
| 700 | 1 | _aKlein, Pieter de. | |
| 830 | 0 | _aEssential guide series (Prentice-Hall, inc.) | |
| 942 |
_cBB _k384.53VOS |
||
| 999 |
_c5547 _d5547 |
||